¿Qué fue de la modernidad?

Gespeichert in:
Bibliographische Detailangaben
1. Verfasser: Josipovici, Gabriel (autor)
Format: Buch
Sprache:Englisch
Spanisch
Veröffentlicht: Madrid, España: Turner Publicaciones S.L., 2012.
Schriftenreihe:Turner Noema.
Schlagworte:
Tags: Tag hinzufügen
Keine Tags, Fügen Sie den ersten Tag hinzu!

MARC

LEADER 00000nam a22000007a 4500
003 CL-VaPUC
005 20240820105552.0
008 210617t ||||| |||| 00| 0 eng d
020 |a 9788475065151 
040 |c Pontificia Universidad Católica de Valparaíso 
041 0 |a spa 
082 0 7 |a 808.3 JOS 2012  |2 22 
100 1 |a Josipovici, Gabriel  |9 861653  |e autor 
245 |a ¿Qué fue de la modernidad? 
260 3 |a Madrid, España:  |b Turner Publicaciones S.L.,  |c 2012. 
300 |a 261 páginas. 
490 |a Turner Noema. 
650 0 0 |a Literatura  |v Modernismo  |x Historia y crítica  |9 861654 
650 0 0 |a Novela  |v Modernismo  |x Crítica e interpretación literaria  |9 862021 
942 |2 ddc  |c BK  |n 1 
999 |c 433181  |d 433179 
952 |0 0  |1 0  |2 ddc  |4 0  |6 808_300000000000000_JOS_2012  |7 0  |8 A  |9 578207  |a FDOPOS  |b FDOPOS  |d 2021-06-17  |i 5620643  |o 808.3 JOS 2012  |p 5620643  |r 2025-01-22  |t 1  |w 2021-06-17  |y BK  |k MEL